[Event "TCh-CHN 2015"]
[Site "China CHN"]
[Date "2015.07.25"]
[Round "9.4"]
[Board "2"]
[White "Li, Di"]
[Black "Lysyj, Igor"]
[Result "1/2-1/2"]
[WhiteTitle "FM"]
[BlackTitle "GM"]
[WhiteElo "2277"]
[BlackElo "2691"]
[WhiteTeam "Chengdu"]
[BlackTeam "Hangzhou"]
[WhiteFideId "8607508"]
[BlackFideId "4150120"]
[EventDate "2015.04.10"]

1. d4 Nf6 2. c4 e6 3. g3 Bb4+ 4. Bd2 a5 5. Nf3 b6 6. Bg2 Bb7 7. O-O O-O 8. Bg5
Be7 9. Bxf6 Bxf6 10. Nc3 d6 11. Qd3 g6 12. Nd2 c6 13. Rfd1 Nd7 14. Rac1 Bg7 15.
e3 f5 16. Na4 Qc7 17. c5 bxc5 18. Qb3 Rfe8 19. Nc4 Ba6 20. dxc5 Bxc4 21. cxd6
Bxb3 22. dxc7 Bxa4 23. b3 Nf8 24. bxa4 Rec8 25. Rxc6 Ra7 26. Rdc1 Be5 27. f4
Bxc7 28. Bf1 Bb6 29. Rxc8 Bxe3+ 30. Kg2 Bxc1 31. Rxc1 Kf7 32. Bb5 Ke7 33. Rc8
Nd7 34. Kf3 Nb6 35. Rh8 Kd6 36. Ke3 Kc5 37. a3 Nc4+ 38. Kd3 Nd6 39. Bc4 Nxc4 40.
Rc8+ Kd5 41. Rxc4 Rd7 42. Rc8 e5 43. fxe5 Kxe5+ 44. Ke3 g5 45. Re8+ Kf6 46. Ra8
Rd5 47. Ra6+ Ke5 48. Rh6 Rd4 49. Rxh7 Rxa4 50. h4 Rxa3+ 51. Kf2 Ra2+ 52. Ke3
Ra3+ 53. Kf2 gxh4 54. Rxh4 Rd3 55. Ra4 Rd5 56. Ke2 Kd6 57. Rc4 Rc5 58. Rd4+ Rd5
59. Rc4 Rc5 60. Rd4+ Kc6 61. g4 fxg4 62. Rxg4 Kb5 63. Kd2 a4 64. Rg8 a3 65. Rb8+
Ka4 66. Ra8+ Kb3 67. Rb8+ Ka2 68. Rb7 Rh5 69. Kc2 Rh2+ 70. Kc1 Rb2 71. Ra7 Rb6
72. Kc2 Rc6+ 73. Kd2 Rc5 74. Rb7 Rh5 75. Kc2 Rh2+ 76. Kc1 Rb2 77. Ra7 Rb3 78.
Kc2 Rh3 79. Rb7 Rh1 80. Rb8 Ka1 81. Ra8 a2 82. Rc8 Rb1 83. Rc7 Rb4 1/2-1/2

[Event "TCh-CHN 2015"]
[Site "China CHN"]
[Date "2015.07.25"]
[Round "9.4"]
[Board "3"]
[White "Xu, Xiangyu CHN"]
[Black "Bai, Jinshi"]
[Result "1/2-1/2"]
[BlackTitle "IM"]
[WhiteElo "2243"]
[BlackElo "2518"]
[WhiteTeam "Chengdu"]
[BlackTeam "Hangzhou"]
[WhiteFideId "8608288"]
[BlackFideId "8602280"]
[EventDate "2015.04.10"]

1. e4 c5 2. Nf3 e6 3. d4 cxd4 4. Nxd4 Nc6 5. Nc3 Qc7 6. Be3 a6 7. Qf3 b5 8.
O-O-O Bb7 9. Nxc6 Bxc6 10. Bd3 Nf6 11. Rhe1 Be7 12. Bd4 O-O 13. Qh3 e5 14. Nd5
Bxd5 15. exd5 exd4 16. Rxe7 Qf4+ 17. Kb1 Rfe8 18. Rxe8+ Rxe8 19. a4 Qxf2 20.
axb5 Re1 21. Rxe1 Qxe1+ 22. Ka2 axb5 23. Bxb5 g6 24. Bxd7 Qa5+ 25. Kb1 Qe1+ 26.
Ka2 Qa5+ 27. Kb1 Ne4 28. Qd3 Qe1+ 29. Ka2 Qa5+ 30. Kb1 Qxd5 31. Bg4 Qe5 32. Bf3
Ng5 33. h3 h5 34. b3 Ne6 35. Qc4 Nf4 36. b4 Qe1+ 37. Ka2 Qd2 38. Kb3 d3 39. Qc8+
Kh7 40. Qc4 dxc2 41. Qxf7+ Kh6 42. Qf8+ Kh7 43. Qf7+ 1/2-1/2

[Event "TCh-CHN 2015"]
[Site "China CHN"]
[Date "2015.07.25"]
[Round "9.4"]
[Board "4"]
[White "Gu, Tianlu"]
[Black "Ren, Xiaoyi"]
[Result "1/2-1/2"]
[WhiteTitle "WIM"]
[WhiteElo "2182"]
[BlackElo "2211"]
[WhiteTeam "Hangzhou"]
[BlackTeam "Chengdu"]
[WhiteFideId "8603995"]
[BlackFideId "8608709"]
[EventDate "2015.04.10"]

1. e4 d6 2. d4 c6 3. Nf3 Nf6 4. Nc3 Bg4 5. Be2 Bxf3 6. Bxf3 e5 7. Be3 Be7 8. Qd2
O-O 9. O-O b5 10. a3 a6 11. Ne2 Nbd7 12. Ng3 Re8 13. Rad1 Qc7 14. Be2 Bf8 15. f4
Rad8 16. Bf3 c5 17. c3 Nb6 18. b3 a5 19. Qf2 cxd4 20. cxd4 exf4 21. Bxf4 Qc3 22.
Bd2 Qxb3 23. Bxa5 Rb8 24. e5 dxe5 25. dxe5 Nfd7 26. Bd5 Nxd5 27. Qxf7+ Kh8 28.
Qxd5 Qxa3 29. Bc7 Qa7+ 30. Kh1 Qxc7 31. Qxd7 Qxd7 32. Rxd7 Rxe5 33. Nf5 Rbe8 34.
g3 Kg8 35. Nd4 b4 36. Rb7 Rd5 37. Nb3 Rd3 38. Nc1 Ra3 39. Kg2 Rc3 40. Kh3 Ra3
41. Rf2 h6 42. Na2 Rb3 43. Nc1 Rbe3 44. Rf4 1/2-1/2

[Event "TCh-CHN 2015"]
[Site "China CHN"]
[Date "2015.07.25"]
[Round "9.4"]
[Board "5"]
[White "Lei, Tingjie"]
[Black "Li, Yunshan"]
[Result "1-0"]
[WhiteTitle "WGM"]
[BlackTitle "WFM"]
[WhiteElo "2444"]
[BlackElo "1916"]
[WhiteTeam "Hangzhou"]
[BlackTeam "Chengdu"]
[WhiteFideId "8605114"]
[BlackFideId "8607664"]
[EventDate "2015.04.10"]

1. c4 Nf6 2. d4 g6 3. Nc3 d5 4. cxd5 Nxd5 5. e4 Nxc3 6. bxc3 Bg7 7. Qa4+ Nd7 8.
Nf3 O-O 9. Be2 c5 10. Qc2 Qc7 11. d5 Ne5 12. O-O Nxf3+ 13. Bxf3 c4 14. Bg5 h6
15. Be3 b5 16. Rfd1 Rb8 17. g3 Kh7 18. Bg2 b4 19. Bf4 Be5 20. Bxe5 Qxe5 21. Rd4
Ba6 22. f4 Qc7 23. e5 Rfd8 24. Rad1 Rb6 25. h4 b3 26. Qb2 h5 27. Qa3 bxa2 28.
Qxa2 Qc5 29. Kh2 Rb7 30. f5 Qb5 31. Qf2 Qb2 32. fxg6+ Kxg6 33. Qe3 Kg7 34. R1d2
Qc1 35. Qf3 Kh7 36. Rf2 f6 37. Qxh5+ Qh6 1-0

[Event "TCh-CHN 2015"]
[Site "China CHN"]
[Date "2015.07.25"]
[Round "9.5"]
[Board "3"]
[White "Ma, Qun"]
[Black "Lan, Zilun"]
[Result "1-0"]
[WhiteTitle "GM"]
[WhiteElo "2609"]
[BlackElo "2180"]
[WhiteTeam "Tianjing"]
[BlackTeam "Zhejiang"]
[WhiteFideId "8603154"]
[BlackFideId "8604193"]
[EventDate "2015.04.10"]

1. e4 c6 2. d4 d5 3. Nd2 dxe4 4. Nxe4 Nd7 5. Bc4 Ngf6 6. Nxf6+ Nxf6 7. c3 b5 8.
Bb3 Bf5 9. Nf3 e6 10. Ne5 Rc8 11. a4 Qc7 12. axb5 cxb5 13. Qe2 Qb7 14. O-O Be7
15. Re1 O-O 16. g4 Bg6 17. h4 Bd6 18. h5 Be4 19. g5 Bh1 20. f3 Nxh5 21. Kf2 b4
22. Rxh1 bxc3 23. Bc2 cxb2 24. Bxh7+ Kxh7 25. Rxh5+ Kg8 26. Bxb2 f6 27. Rah1
fxe5 28. g6 Rxf3+ 29. Qxf3 Rc2+ 30. Kg1 1-0

[Event "TCh-CHN 2015"]
[Site "China CHN"]
[Date "2015.07.25"]
[Round "9.5"]
[Board "4"]
[White "Qiu, Mengjie"]
[Black "Ni, Shiqun"]
[Result "1/2-1/2"]
[WhiteTitle "WFM"]
[BlackTitle "WIM"]
[WhiteElo "2122"]
[BlackElo "2315"]
[WhiteTeam "Zhejiang"]
[BlackTeam "Tianjing"]
[WhiteFideId "8606137"]
[BlackFideId "8608466"]
[EventDate "2015.04.10"]

1. e4 e5 2. Nf3 Nf6 3. Nxe5 d6 4. Nf3 Nxe4 5. Nc3 Nf6 6. d4 Be7 7. Bd3 O-O 8. h3
Re8 9. O-O Nbd7 10. Ne2 Nf8 11. Ng3 Ng6 12. Re1 c6 13. c3 Nd5 14. Qc2 Bd7 15.
Bd2 Kh8 16. Nf5 Ndf4 17. Nxe7 Rxe7 18. Rxe7 Qxe7 19. Bxg6 Nxg6 20. Re1 Qf8 21.
Qd3 h6 22. c4 Qc8 23. Nh2 Be6 24. b3 Qd7 25. Nf1 d5 26. c5 b6 27. Rc1 b5 28. b4
Bf5 29. Qg3 Nf8 30. Ne3 Be4 31. Ng4 1/2-1/2

[Event "TCh-CHN 2015"]
[Site "China CHN"]
[Date "2015.07.25"]
[Round "9.5"]
[Board "5"]
[White "Ding, Yixin"]
[Black "Khotenashvili, Bela"]
[Result "1/2-1/2"]
[WhiteTitle "WGM"]
[BlackTitle "GM"]
[WhiteElo "2434"]
[BlackElo "2513"]
[WhiteTeam "Zhejiang"]
[BlackTeam "Tianjing"]
[WhiteFideId "8602972"]
[BlackFideId "13602640"]
[EventDate "2015.04.10"]

1. e4 c6 2. d4 d5 3. Nc3 dxe4 4. Nxe4 Nf6 5. Nxf6+ exf6 6. Bc4 Nd7 7. Ne2 Nb6 8.
Bb3 Bg4 9. f3 Bd7 10. O-O Be7 11. Qd3 O-O 12. Ng3 Re8 13. Bd2 a5 14. a4 Nd5 15.
Rfe1 g6 16. Ne4 Qc7 17. Bxd5 cxd5 18. Nc3 Qc6 19. Nb5 Bf5 20. Qc3 Bb4 21. Qxc6
Rxe1+ 22. Rxe1 bxc6 23. c3 Bf8 24. Nc7 Ra7 25. g4 Rxc7 26. gxf5 Kg7 27. Re8 Rb7
28. Bc1 c5 29. dxc5 Bxc5+ 30. Kf1 d4 31. Ke2 dxc3 32. bxc3 Bd6 33. fxg6 hxg6 34.
h4 Rb1 35. Bd2 Ra1 36. Re4 f5 37. Rd4 Be7 38. Kd3 Bf6 39. Rc4 Rf1 40. Ke2 Ra1
41. Kd3 Rf1 42. Ke2 Ra1 43. Kd3 Rf1 1/2-1/2

[Event "TCh-CHN 2015"]
[Site "China CHN"]
[Date "2015.07.25"]
[Round "9.6"]
[Board "1"]
[White "Li, Shilong"]
[Black "Yu, Ruiyuan"]
[Result "1/2-1/2"]
[WhiteTitle "GM"]
[BlackTitle "GM"]
[WhiteElo "2508"]
[BlackElo "2571"]
[WhiteTeam "Guangdong"]
[BlackTeam "Jiangsu"]
[WhiteFideId "8600678"]
[BlackFideId "8603090"]
[EventDate "2015.04.10"]

1. d4 d5 2. c4 c6 3. Nf3 Nf6 4. Nc3 dxc4 5. a4 Bf5 6. Ne5 Nbd7 7. Nxc4 Nb6 8.
Ne5 a5 9. h4 Nbd7 10. Qb3 Nxe5 11. dxe5 Nd7 12. e4 Be6 13. Qxb7 Rb8 14. Qa7 Nxe5
15. Bf4 f6 16. Be2 Qb6 17. Qxb6 Rxb6 18. Nd1 Rb4 19. Bd2 Rxe4 20. Bxa5 Nd3+ 21.
Kf1 Nf4 22. Bf3 Bc4+ 23. Kg1 Ne2+ 24. Bxe2 Rxe2 25. Ne3 Ba6 26. b4 e6 27. Rc1
Bb7 28. h5 Ra2 29. Rh4 Rxa4 30. Rd4 Be7 31. Nc4 c5 32. bxc5 Bc6 33. Bc7 O-O 34.
Bd6 Rd8 35. Rd2 Kf7 36. Rb2 Rda8 37. Rc3 Ra1+ 38. Kh2 R1a2 39. Rb6 R8a6 40. Bc7 1/2-1/2

[Event "TCh-CHN 2015"]
[Site "China CHN"]
[Date "2015.07.25"]
[Round "9.6"]
[Board "2"]
[White "Xu, Yinglun"]
[Black "Lin, Chen"]
[Result "1/2-1/2"]
[BlackTitle "IM"]
[WhiteElo "2443"]
[BlackElo "2448"]
[WhiteTeam "Guangdong"]
[BlackTeam "Jiangsu"]
[WhiteFideId "8604940"]
[BlackFideId "8602298"]
[EventDate "2015.04.10"]

1. d4 d5 2. c4 c6 3. Nf3 Nf6 4. e3 a6 5. Bd3 Bg4 6. h3 Bh5 7. Nbd2 e6 8. b3 Nbd7
9. Bb2 Bd6 10. O-O O-O 11. Qc2 Bg6 12. Bxg6 hxg6 13. Rfe1 Qe7 14. e4 dxe4 15.
Nxe4 Nxe4 16. Rxe4 Nf6 17. Re3 Ba3 18. Bc3 Bb4 19. Bb2 Ba3 20. Bxa3 Qxa3 21. Rb1
Qb4 22. a3 Qd6 23. b4 Rfd8 24. a4 Qc7 25. Reb3 Nd7 26. Qe2 Re8 27. c5 Qf4 28. b5
axb5 29. axb5 Ra7 30. Qe3 Qf5 31. Kh2 Rea8 32. bxc6 bxc6 33. R1b2 f6 34. Rb7 g5
35. g3 Qd5 36. g4 1/2-1/2

[Event "TCh-CHN 2015"]
[Site "China CHN"]
[Date "2015.07.25"]
[Round "9.6"]
[Board "5"]
[White "Guo, Qi"]
[Black "Li, Xueyi"]
[Result "1/2-1/2"]
[WhiteTitle "IM"]
[WhiteElo "2443"]
[BlackElo "2190"]
[WhiteTeam "Jiangsu"]
[BlackTeam "Guangdong"]
[WhiteFideId "8604002"]
[BlackFideId "8605912"]
[EventDate "2015.04.10"]

1. d4 d5 2. c4 c6 3. Nf3 Nf6 4. Qc2 e6 5. Bg5 Be7 6. e3 h6 7. Bxf6 Bxf6 8. Nc3
Nd7 9. Rd1 O-O 10. Bd3 Nb6 11. b3 a5 12. a4 Re8 13. O-O e5 14. cxd5 Nxd5 15.
Nxd5 cxd5 16. dxe5 Bxe5 17. Bc4 Bf6 18. Bxd5 Qe7 19. h3 Be6 1/2-1/2

[Event "TCh-CHN 2015"]
[Site "China CHN"]
[Date "2015.07.26"]
[Round "10.1"]
[Board "1"]
[White "Ma, Zhonghan"]
[Black "Yu, Ruiyuan"]
[Result "1/2-1/2"]
[WhiteTitle "IM"]
[BlackTitle "GM"]
[WhiteElo "2468"]
[BlackElo "2571"]
[WhiteTeam "Qingdao"]
[BlackTeam "Jiangsu"]
[WhiteFideId "8607206"]
[BlackFideId "8603090"]
[EventDate "2015.04.10"]

1. Nf3 d5 2. c4 c6 3. e3 Nf6 4. Nc3 e6 5. d4 Nbd7 6. Bd3 Bd6 7. e4 dxe4 8. Nxe4
Nxe4 9. Bxe4 Bb4+ 10. Bd2 Bxd2+ 11. Qxd2 O-O 12. O-O Nf6 13. Bc2 b6 14. Rad1 Bb7
15. Qf4 Nh5 16. Qe5 g6 17. c5 Ba6 18. Rfe1 Bc4 19. Nd2 Bd5 20. Ne4 f6 21. Qd6
Qxd6 22. Nxd6 bxc5 23. dxc5 Rfb8 24. b3 a5 25. Be4 a4 26. Bxd5 exd5 27. Re7 axb3
28. axb3 Rxb3 29. Rde1 f5 1/2-1/2

[Event "TCh-CHN 2015"]
[Site "China CHN"]
[Date "2015.07.26"]
[Round "10.1"]
[Board "2"]
[White "Inarkiev, Ernesto"]
[Black "Lin, Chen"]
[Result "1-0"]
[WhiteTitle "GM"]
[BlackTitle "IM"]
[WhiteElo "2706"]
[BlackElo "2448"]
[WhiteTeam "Qingdao"]
[BlackTeam "Jiangsu"]
[WhiteFideId "4162722"]
[BlackFideId "8602298"]
[EventDate "2015.04.10"]

1. d4 d5 2. c4 c6 3. Nf3 Nf6 4. e3 a6 5. Nc3 b5 6. b3 Bg4 7. a4 b4 8. Nb1 e6 9.
Nbd2 Nbd7 10. Bb2 Bd6 11. Qc2 Bf5 12. Bd3 Bxd3 13. Qxd3 O-O 14. e4 Bf4 15. O-O
Bxd2 16. Nxd2 a5 17. Rac1 dxe4 18. Nxe4 Nxe4 19. Qxe4 Rc8 20. Rcd1 Re8 21. Rfe1
Qf6 22. Qe2 Qf5 23. Rd3 f6 24. Rf3 Qh5 25. h3 Nf8 26. Qc2 Red8 27. Re4 c5 28.
Qe2 cxd4 29. Bxd4 Qh6 30. Rg3 Qc1+ 31. Qf1 Qxf1+ 32. Kxf1 e5 33. Bb6 Rd1+ 34.
Re1 Rd7 35. Bxa5 Rb7 36. Rd1 Ra8 37. Rd5 Ne6 38. Rgd3 Kf7 39. Rd7+ Rxd7 40.
Rxd7+ Ke8 1-0

[Event "TCh-CHN 2015"]
[Site "China CHN"]
[Date "2015.07.26"]
[Round "10.1"]
[Board "5"]
[White "Guo, Qi"]
[Black "Zhou, Guijue"]
[Result "1/2-1/2"]
[WhiteTitle "IM"]
[BlackTitle "WIM"]
[WhiteElo "2443"]
[BlackElo "2175"]
[WhiteTeam "Jiangsu"]
[BlackTeam "Qingdao"]
[WhiteFideId "8604002"]
[BlackFideId "8602905"]
[EventDate "2015.04.10"]

1. d4 Nf6 2. Nf3 e6 3. c4 d5 4. Bg5 Be7 5. Nc3 O-O 6. e3 h6 7. Bxf6 Bxf6 8. Rc1
dxc4 9. Bxc4 c5 10. d5 exd5 11. Bxd5 Na6 12. O-O Nc7 13. Be4 Qe7 14. Bb1 b6 15.
b4 Bxc3 16. Rxc3 Na6 17. bxc5 Nxc5 18. Nd4 Bb7 19. Qg4 Qf6 20. Rfc1 Rfe8 21. Qf5
Qxf5 22. Bxf5 g6 23. Bb1 Red8 24. f3 Kg7 25. Kf2 Rac8 26. g4 Na4 27. Rc7 Nc5 28.
Rxc8 Rxc8 29. Rd1 a6 30. h4 Na4 31. h5 Nc3 32. Rh1 Bd5 33. hxg6 fxg6 34. a3 Nxb1
35. Rxb1 b5 36. Rd1 Bf7 37. Rd3 Kf6 38. f4 Bc4 39. Rd2 Be6 40. Nf3 Bxg4 41. Rd6+
Kg7 42. Ne5 Bf5 43. Rxa6 g5 44. fxg5 hxg5 45. Nf3 g4 46. Nd4 Bd3 47. Ne6+ Kf7
48. Nf4 Be4 49. Re6 Bf3 50. Re5 Rc2+ 51. Kg3 Rc3 1/2-1/2

[Event "TCh-CHN 2015"]
[Site "China CHN"]
[Date "2015.07.26"]
[Round "10.2"]
[Board "2"]
[White "Lu, Shanglei"]
[Black "Zeng, Chongsheng"]
[Result "1-0"]
[WhiteTitle "GM"]
[BlackTitle "GM"]
[WhiteElo "2570"]
[BlackElo "2541"]
[WhiteTeam "Zhejiang"]
[BlackTeam "Guangdong"]
[WhiteFideId "8603332"]
[BlackFideId "8603847"]
[EventDate "2015.04.10"]

1. e4 c6 2. Nc3 d5 3. Nf3 Bg4 4. h3 Bh5 5. d3 dxe4 6. Nxe4 Nd7 7. Qe2 e6 8. g4
Bg6 9. Bf4 Qa5+ 10. c3 Bxe4 11. dxe4 e5 12. Bg3 Ne7 13. O-O-O Ng6 14. Ng5 Nb6
15. Kb1 Be7 16. h4 Bxg5 17. hxg5 Qc5 18. f3 Qe7 19. Qe3 O-O 20. Rh2 Rfd8 21.
Rhd2 Rd7 22. Rxd7 Nxd7 23. Qd2 Ndf8 24. Bc4 Re8 25. a4 a6 26. Kc2 b5 27. Ba2
bxa4 28. Qd6 Qb7 29. Qb4 Qa7 30. Qxa4 Rc8 31. Qa5 Ne6 32. Bc4 Nef8 33. Ba2 Ne6
34. Bc4 Rb8 35. b4 Rf8 36. Bxe5 Qf2+ 37. Rd2 Qxf3 38. Bd6 Re8 39. Qf5 Nh4 40.
Qxf3 Nxf3 41. Rd1 Nfxg5 42. e5 Ra8 43. Ra1 g6 44. Rxa6 Rxa6 45. Bxa6 h5 46. gxh5
gxh5 47. Bf1 Nf4 48. c4 Nge6 49. b5 cxb5 50. cxb5 h4 51. b6 Nd8 52. Be7 Nc6 53.
Bxh4 Nd5 54. Bb5 Nd4+ 55. Kd3 Nxb5 56. b7 Nb4+ 57. Kc4 1-0

[Event "TCh-CHN 2015"]
[Site "China CHN"]
[Date "2015.07.26"]
[Round "10.2"]
[Board "3"]
[White "Lan, Zilun"]
[Black "Li, Shilong"]
[Result "1/2-1/2"]
[BlackTitle "GM"]
[WhiteElo "2180"]
[BlackElo "2508"]
[WhiteTeam "Zhejiang"]
[BlackTeam "Guangdong"]
[WhiteFideId "8604193"]
[BlackFideId "8600678"]
[EventDate "2015.04.10"]

1. d4 Nf6 2. c4 g6 3. Nc3 Bg7 4. e4 d6 5. f3 O-O 6. Be3 Nc6 7. Qd2 Nb8 8. Qd1
Nc6 9. Qd2 a6 10. Nge2 Na5 11. Nc1 Nd7 12. b4 Nc6 13. Rb1 e5 14. d5 Nd4 15. N1e2
Nxe2 16. Bxe2 f5 17. c5 Nf6 18. O-O f4 19. Bf2 g5 20. b5 axb5 21. Nxb5 g4 22.
cxd6 cxd6 23. Rfc1 g3 24. hxg3 fxg3 25. Bxg3 Nh5 26. Bh2 Qf6 27. Rc3 Bh6 28. Qc2
Kh8 29. Nc7 Rb8 30. Na6 Ra8 31. Nc7 Rb8 32. Na6 Ra8 1/2-1/2

[Event "TCh-CHN 2015"]
[Site "China CHN"]
[Date "2015.07.26"]
[Round "10.2"]
[Board "4"]
[White "Li, Xueyi"]
[Black "Qiu, Mengjie"]
[Result "1-0"]
[BlackTitle "WFM"]
[WhiteElo "2190"]
[BlackElo "2122"]
[WhiteTeam "Guangdong"]
[BlackTeam "Zhejiang"]
[WhiteFideId "8605912"]
[BlackFideId "8606137"]
[EventDate "2015.04.10"]

1. d4 Nf6 2. c4 e6 3. Nc3 Bb4 4. e3 O-O 5. Bd3 d5 6. Nf3 b6 7. a3 Bd6 8. e4 dxc4
9. Bxc4 Be7 10. O-O Bb7 11. Re1 Re8 12. h3 Nbd7 13. Bf4 a6 14. a4 Bb4 15. Bd3 c5
16. e5 Nd5 17. Bxh7+ Kxh7 18. Ng5+ Kg8 19. Nf3 Kh7 20. Ng5+ Kg8 21. Qh5 Nf8 22.
Qxf7+ Kh8 23. Qxb7 Re7 24. Nf7+ Rxf7 25. Qxf7 cxd4 26. Nxd5 Bxe1 27. Ne7 Bxf2+
28. Kxf2 Ng6 29. Nxg6+ Kh7 30. Ne7 Qe8 31. Qxe8 Rxe8 32. Nc6 Rf8 33. Kg3 1-0

[Event "TCh-CHN 2015"]
[Site "China CHN"]
[Date "2015.07.26"]
[Round "10.2"]
[Board "5"]
[White "Liu, Manli CHN"]
[Black "Ding, Yixin"]
[Result "0-1"]
[BlackTitle "WGM"]
[WhiteElo "2033"]
[BlackElo "2434"]
[WhiteTeam "Guangdong"]
[BlackTeam "Zhejiang"]
[WhiteFideId "8608121"]
[BlackFideId "8602972"]
[EventDate "2015.04.10"]

1. e4 c5 2. Nf3 d6 3. d4 cxd4 4. Nxd4 Nf6 5. Nc3 a6 6. Be2 Nbd7 7. O-O g6 8. Be3
Bg7 9. Qd2 Nc5 10. f3 O-O 11. Kh1 Re8 12. Rfd1 Bd7 13. Nd5 b5 14. c3 Rc8 15. Bf1
Nxd5 16. exd5 Na4 17. Qf2 e6 18. dxe6 fxe6 19. Nb3 Qe7 20. Rd2 Rf8 21. Rad1 d5
22. Qg3 Bc6 23. Nd4 Bb7 24. Qh3 Rce8 25. f4 e5 26. fxe5 Qxe5 27. Bf2 Bc8 28. Qg3
Qxg3 29. Bxg3 Bg4 30. Be2 Bxe2 31. Nxe2 b4 32. h3 bxc3 33. Nxc3 Bxc3 34. bxc3
Nxc3 35. Ra1 Re4 36. Kh2 d4 37. Rd3 Ne2 38. Rad1 Rc8 39. Bf2 Rc4 40. R1d2 Kg7
41. Rb3 Nc1 42. Rb7+ Kh6 43. Rd7 d3 44. Bg3 Rcd4 45. Rf7 Ne2 46. Bf2 Rd5 47. Rf3
Ra4 48. Rfxd3 Rxd3 49. Rxd3 Rxa2 50. Be3+ Kg7 51. Bg5 Kf7 52. Re3 Nd4 53. Re7+
Kf8 54. Rxh7 Nf3+ 55. Kg3 Nxg5 56. Ra7 Ne6 57. Kf3 Nd4+ 58. Ke4 Nb5 59. Ra8+ Kf7
60. g4 Kf6 61. h4 Ra4+ 62. Kf3 Nd4+ 63. Kg3 Ra3+ 64. Kf4 Ne6+ 65. Ke4 Ra4+ 66.
Kf3 Ke5 67. h5 Ra3+ 68. Ke2 gxh5 69. gxh5 Nf4+ 70. Kd2 Nxh5 71. Kc2 Nf4 72. Kb2
Ra5 73. Kb3 Nd5 74. Re8+ Kd4 75. Rc8 Rb5+ 76. Ka3 Rc5 77. Ra8 Rc3+ 78. Kb2 Rc6
79. Kb3 Kc5 80. Ka3 Kb5 81. Rb8+ Nb6 82. Rg8 Rc3+ 0-1

[Event "TCh-CHN 2015"]
[Site "China CHN"]
[Date "2015.07.26"]
[Round "10.3"]
[Board "1"]
[White "Gao, Rui"]
[Black "Ma, Qun"]
[Result "0-1"]
[WhiteTitle "GM"]
[BlackTitle "GM"]
[WhiteElo "2533"]
[BlackElo "2609"]
[WhiteTeam "Hangzhou"]
[BlackTeam "Tianjing"]
[WhiteFideId "8602387"]
[BlackFideId "8603154"]
[EventDate "2015.04.10"]

1. e4 c6 2. Nc3 d5 3. Nf3 Bg4 4. h3 Bxf3 5. Qxf3 e6 6. d4 Nf6 7. Bd3 dxe4 8.
Nxe4 Nxe4 9. Qxe4 Nd7 10. Be3 Nf6 11. Qf3 Nd5 12. O-O Be7 13. c3 Nxe3 14. fxe3
O-O 15. Qe4 g6 16. Bc4 Bd6 17. Rf3 Kg7 18. Raf1 f5 19. Qc2 e5 20. e4 f4 21. Qb3
Qe7 22. Rd1 Rad8 23. Bf1 Rd7 24. Kh1 h5 25. dxe5 Qxe5 26. c4 Rfd8 27. Rfd3 Kf6
28. Qc2 Ke7 29. Qd2 Qe6 30. Qc3 Be5 31. Qa3+ Kf6 32. Qxa7 Rxd3 33. Bxd3 Qxc4 34.
Bxc4 Rxd1+ 35. Qg1 Rxg1+ 36. Kxg1 Bxb2 37. Kf2 g5 38. Ke2 g4 39. hxg4 hxg4 40.
Bg8 Bd4 41. Bh7 Kg5 42. Bf5 Kh4 43. Bc8 b6 44. a4 Kg3 45. Kf1 c5 46. Ba6 Kh2 0-1

[Event "TCh-CHN 2015"]
[Site "China CHN"]
[Date "2015.07.26"]
[Round "10.3"]
[Board "2"]
[White "Bai, Jinshi"]
[Black "Malakhov, Vladimir"]
[Result "1/2-1/2"]
[WhiteTitle "IM"]
[BlackTitle "GM"]
[WhiteElo "2518"]
[BlackElo "2706"]
[WhiteTeam "Hangzhou"]
[BlackTeam "Tianjing"]
[WhiteFideId "8602280"]
[BlackFideId "4120787"]
[EventDate "2015.04.10"]

1. d4 d5 2. c4 c6 3. cxd5 cxd5 4. Bf4 Nc6 5. e3 Nf6 6. Nc3 e6 7. Bd3 Be7 8. Rc1
O-O 9. h3 Bd7 10. Nf3 Qa5 11. O-O Rfc8 12. a3 Be8 13. Ne5 Nxe5 14. Bxe5 Nd7 15.
Bg3 Nb6 16. Qb3 Bf8 17. Rc2 Bc6 18. Rfc1 Nc4 19. Qa2 Qd8 20. Nb1 Nd6 21. Nd2 Ba4
22. Rxc8 Rxc8 23. Qb1 h6 24. Nf3 Rxc1+ 25. Qxc1 Qc8 26. Qxc8 Nxc8 27. Nd2 Nd6
28. Kf1 Bc6 29. Ke2 Ne4 30. Bb8 Nxd2 31. Kxd2 a6 1/2-1/2

[Event "TCh-CHN 2015"]
[Site "China CHN"]
[Date "2015.07.26"]
[Round "10.3"]
[Board "4"]
[White "Khotenashvili, Bela"]
[Black "Gu, Tianlu"]
[Result "0-1"]
[WhiteTitle "GM"]
[BlackTitle "WIM"]
[WhiteElo "2513"]
[BlackElo "2182"]
[WhiteTeam "Tianjing"]
[BlackTeam "Hangzhou"]
[WhiteFideId "13602640"]
[BlackFideId "8603995"]
[EventDate "2015.04.10"]

1. Nf3 f5 2. g3 b6 3. Bg2 Bb7 4. d4 Nf6 5. c4 e6 6. O-O Be7 7. d5 Ne4 8. Nd4 O-O
9. dxe6 c5 10. Nxf5 Rxf5 11. Qc2 Na6 12. Nc3 Nb4 13. Qb1 Nxc3 14. bxc3 Bxg2 15.
Kxg2 dxe6 16. cxb4 Qd4 17. e4 Rf7 18. Be3 Qxc4 19. a3 Raf8 20. Ra2 cxb4 21. axb4
Bxb4 22. Rc1 Qb5 23. Qb3 Re8 24. Rac2 a5 25. Rc6 Qe5 26. Qd3 b5 27. f4 Qb2+ 28.
R1c2 Qa3 29. Qe2 Bf8 30. Bc1 Qa4 31. Ra2 Qd4 32. Rxa5 b4 33. Bb2 Qd8 34. Rb5 Rc7
35. Rxc7 Qxc7 36. Be5 Qc6 37. Qd3 Ra8 38. Rb8 Rxb8 39. Bxb8 Be7 40. Kf3 Kf7 41.
Qb3 Qc1 42. Ke2 Qa3 43. Qb1 b3 44. Kd1 Qa2 45. Qd3 b2 0-1

[Event "TCh-CHN 2015"]
[Site "China CHN"]
[Date "2015.07.26"]
[Round "10.3"]
[Board "5"]
[White "Ni, Shiqun"]
[Black "Lei, Tingjie"]
[Result "1/2-1/2"]
[WhiteTitle "WIM"]
[BlackTitle "WGM"]
[WhiteElo "2315"]
[BlackElo "2444"]
[WhiteTeam "Tianjing"]
[BlackTeam "Hangzhou"]
[WhiteFideId "8608466"]
[BlackFideId "8605114"]
[EventDate "2015.04.10"]

1. e4 c5 2. Nf3 e6 3. d4 cxd4 4. Nxd4 Nc6 5. Nc3 Qc7 6. Nb1 Qd8 7. Nc3 Qc7 8.
Be3 a6 9. Be2 b5 10. Nxc6 Qxc6 11. Bf3 Bb7 12. e5 Qc7 13. O-O Rc8 14. Bxb7 Qxb7
15. Qd3 f5 16. exf6 Nxf6 17. Rad1 Bb4 18. Bd4 Bxc3 19. Bxc3 O-O 20. Be5 Rf7 21.
c3 Rc4 22. Rfe1 Nd5 23. Qg3 Qc8 24. Rd3 Ne7 25. h3 Rc5 26. Qe3 Nf5 27. Qd2 Qc6
28. Bg3 Nxg3 29. Rxg3 Rcf5 30. Re2 Rd5 31. Rd3 Rff5 32. Rd4 Rg5 33. Rd3 Rgf5 34.
Rd4 Rg5 35. Rxd5 Rxd5 36. Qf4 Rd1+ 37. Kh2 Qd6 38. Qxd6 Rxd6 39. Kg3 Rd3+ 40.
Kf4 Kf7 41. Ke4 Rd1 42. Rc2 Ke7 43. f4 h5 44. b3 d5+ 45. Ke3 Re1+ 46. Kf3 Kd6
47. c4 dxc4 48. bxc4 b4 49. Kg3 Kc5 50. Kh4 a5 51. Kxh5 a4 52. Kg6 b3 53. axb3
axb3 54. Rf2 Ra1 55. Kxg7 Ra2 56. Rf1 Rxg2+ 57. Kf6 Re2 58. h4 Kxc4 59. h5 b2
60. h6 Rf2 61. Rh1 Rh2 62. Rxh2 b1=Q 63. h7 Qa1+ 64. Kxe6 Qh8 65. f5 Kd4 66. f6
Qe8+ 67. Kf5 Qe5+ 68. Kg6 Qg3+ 69. Kf7 Qxh2 70. Kg8 Qg3+ 71. Kf7 Qh4 72. Kg7
Qg5+ 73. Kf7 Qh6 74. Kg8 Qg6+ 75. Kh8 Qh6 76. Kg8 Qg6+ 77. Kh8 Ke5 78. f7 Qxf7 1/2-1/2